| 000 | 01253nam a2200265Ia 4500 | ||
|---|---|---|---|
| 003 | OSt | ||
| 005 | 20210802164520.0 | ||
| 008 | 210310s1946 sp fr 001 0 spa d | ||
| 040 |
_aCO-JMCR _cCO-JMCR |
||
| 041 | 1 |
_aspa _heng |
|
| 082 | 0 | 4 |
_a332.46 / _bL742e _223 |
| 100 | 1 |
_aLindahl, Erik, _916621 _eautor |
|
| 245 | 1 | 0 |
_aEstudios sobre la teoría del dinero y capital / _cErik Lindahl ; traducción de la versión inglesa por Ramón Verea Rial ; introducción por Manuel de Torres |
| 260 |
_aMadrid : _bM. Aguilar, _c1946 |
||
| 300 |
_axxxi, 319 páginas ; _c21 cm. |
||
| 490 | 0 | _aBiblioteca de Ciencias Económicas, políticas y sociales | |
| 500 | _aIncluye notas a pie de página e índice de autores y materias y datos y fotografía del autor. Título original: Studies in the theory of money and capital | ||
| 505 | 0 | _aEl tipo de interés y el nivel de precios -- Posición que ocupa el capital en la teoría de los precios -- La aproximación dinámica a la teoría económica | |
| 546 | _aTraducido del inglés. | ||
| 650 | 1 | 4 |
_aTeoría monetaria _916623 |
| 650 | 2 | 4 |
_aCapitalismo _xTeorías _939004 |
| 700 | 1 |
_aVerea Rial, Ramón, _etrductor _939005 |
|
| 700 | 1 |
_aTorres, Manuel de., _eautor de introducción _93623 |
|
| 942 |
_2ddc _cBK |
||
| 999 |
_c8205 _d8205 |
||